MARC details
| 000 -CABECERA |
| campo de control de longitud fija |
02590nam a22008055a 4500 |
| 001 - NUMERO DE CONTROL |
| campo de control |
003050 |
| 003 - IDENTIFICADOR DE NUMERO DE CONTROL |
| campo de control |
armpunfd |
| 005 - FECHA ULTIMA MODIFICACION |
| campo de control |
20190417171800.0 |
| 008 - ELEMENTOS DE LONGITUD FIJA -- INFORMACION GENERAL |
| campo de control de longitud fija |
141008s2006####ag############000#0#und#d |
| 020 ## - NUMERO INTERNACIONAL NORMALIZADO PARA LIBROS (ISBN) |
| International Standard Book Number |
9870307566 |
| 080 ## - NUMERO DE CLASIFICACION DECIMAL UNIVERSAL (CDU) |
| Número de la Clasificación Decimal Universal |
343 (82) T 24 |
| 245 10 - MENCION DE TITULO |
| Título propiamente dicho |
Temas de Derecho Penal Argentino. Aspectos de la Parte General del Derecho Penal, parte especial del Código Penal, Leyes Penales especiales. / |
| 260 ## - PUBLICACION, DISTRIBUCION, ETC. (PIE DE IMPRENTA) |
| Lugar de publicación, distribución, etc. |
Buenos Aires : |
| Nombre del editor, distribuidor, etc. |
La ley, |
| Fecha de publicación, distribución, etc. |
2006. |
| 300 ## - DESCRIPCION FISICA |
| Extensión |
1104 P. ; |
| Dimensiones |
24 X 17 Cm. |
| 650 #7 - ASIENTO SECUNDARIO DE MATERIA - TERMINO TEMATICO |
| Término temático o nombre geográfico como elemento de entrada |
Concurso de Delitos |
| Fuente del encabezamiento o término |
LEMB |
| 650 #7 - ASIENTO SECUNDARIO DE MATERIA - TERMINO TEMATICO |
| Término temático o nombre geográfico como elemento de entrada |
Concurso Ideal |
| Fuente del encabezamiento o término |
LEMB |
| 650 #7 - ASIENTO SECUNDARIO DE MATERIA - TERMINO TEMATICO |
| Término temático o nombre geográfico como elemento de entrada |
Concurso Real |
| Fuente del encabezamiento o término |
LEMB |
| 650 #7 - ASIENTO SECUNDARIO DE MATERIA - TERMINO TEMATICO |
| Término temático o nombre geográfico como elemento de entrada |
Culpa |
| Fuente del encabezamiento o término |
LEMB |
| 650 #7 - ASIENTO SECUNDARIO DE MATERIA - TERMINO TEMATICO |
| Término temático o nombre geográfico como elemento de entrada |
Defraudacion |
| Fuente del encabezamiento o término |
LEMB |
| 650 #7 - ASIENTO SECUNDARIO DE MATERIA - TERMINO TEMATICO |
| Término temático o nombre geográfico como elemento de entrada |
Delitos contra el Honor |
| Fuente del encabezamiento o término |
LEMB |
| 650 #7 - ASIENTO SECUNDARIO DE MATERIA - TERMINO TEMATICO |
| Término temático o nombre geográfico como elemento de entrada |
Derecho Penal |
| Fuente del encabezamiento o término |
LEMB |
| 650 #7 - ASIENTO SECUNDARIO DE MATERIA - TERMINO TEMATICO |
| Término temático o nombre geográfico como elemento de entrada |
Estafa |
| Fuente del encabezamiento o término |
LEMB |
| 650 #7 - ASIENTO SECUNDARIO DE MATERIA - TERMINO TEMATICO |
| Término temático o nombre geográfico como elemento de entrada |
Estupefacientes |
| Fuente del encabezamiento o término |
LEMB |
| 650 #7 - ASIENTO SECUNDARIO DE MATERIA - TERMINO TEMATICO |
| Término temático o nombre geográfico como elemento de entrada |
Falsedad de Documento Publico |
| Fuente del encabezamiento o término |
LEMB |
| 650 #7 - ASIENTO SECUNDARIO DE MATERIA - TERMINO TEMATICO |
| Término temático o nombre geográfico como elemento de entrada |
Homicidio |
| Fuente del encabezamiento o término |
LEMB |
| 650 #7 - ASIENTO SECUNDARIO DE MATERIA - TERMINO TEMATICO |
| Término temático o nombre geográfico como elemento de entrada |
Injurias |
| Fuente del encabezamiento o término |
LEMB |
| 650 #7 - ASIENTO SECUNDARIO DE MATERIA - TERMINO TEMATICO |
| Término temático o nombre geográfico como elemento de entrada |
Lavado de Activos |
| Fuente del encabezamiento o término |
LEMB |
| 650 #7 - ASIENTO SECUNDARIO DE MATERIA - TERMINO TEMATICO |
| Término temático o nombre geográfico como elemento de entrada |
Ley 23737 |
| Fuente del encabezamiento o término |
LEMB |
| 650 #7 - ASIENTO SECUNDARIO DE MATERIA - TERMINO TEMATICO |
| Término temático o nombre geográfico como elemento de entrada |
Ley 24769 |
| Fuente del encabezamiento o término |
LEMB |
| 650 #7 - ASIENTO SECUNDARIO DE MATERIA - TERMINO TEMATICO |
| Término temático o nombre geográfico como elemento de entrada |
Leyes Penales en Blanco |
| Fuente del encabezamiento o término |
LEMB |
| 650 #7 - ASIENTO SECUNDARIO DE MATERIA - TERMINO TEMATICO |
| Término temático o nombre geográfico como elemento de entrada |
Pacto de San Jose de Costa Rica |
| Fuente del encabezamiento o término |
LEMB |
| 650 #7 - ASIENTO SECUNDARIO DE MATERIA - TERMINO TEMATICO |
| Término temático o nombre geográfico como elemento de entrada |
Violacion de Correspondencia |
| Fuente del encabezamiento o término |
LEMB |
| 651 ## - ASIENTO SECUNDARIO DE MATERIA - NOMBRE GEOGRAFICO |
| Fuente del encabezamiento o término |
LEMB |
| 700 1# - ASIENTO SECUNDARIO - NOMBRE PERSONAL |
| Nombre personal |
Arévalo, Leandro Walter. |
| 700 1# - ASIENTO SECUNDARIO - NOMBRE PERSONAL |
| Nombre personal |
Bombini, Gabriel Adrian. |
| 700 1# - ASIENTO SECUNDARIO - NOMBRE PERSONAL |
| Nombre personal |
Capparelli, Facundo Luis. |
| 700 1# - ASIENTO SECUNDARIO - NOMBRE PERSONAL |
| Nombre personal |
Carreras, Eduardo Raul. |
| 700 1# - ASIENTO SECUNDARIO - NOMBRE PERSONAL |
| Nombre personal |
Castro, Natalia Eloisa. |
| 700 1# - ASIENTO SECUNDARIO - NOMBRE PERSONAL |
| Nombre personal |
Ciano, Ariel. |
| 700 1# - ASIENTO SECUNDARIO - NOMBRE PERSONAL |
| Nombre personal |
Comparato, Fernando. |
| 700 1# - ASIENTO SECUNDARIO - NOMBRE PERSONAL |
| Nombre personal |
Conti, Néstor Jesus. |
| 700 1# - ASIENTO SECUNDARIO - NOMBRE PERSONAL |
| Nombre personal |
Cruz, Osvaldo Luis. |
| 700 1# - ASIENTO SECUNDARIO - NOMBRE PERSONAL |
| Nombre personal |
De Marco, Daniel Alejandro. |
| 700 1# - ASIENTO SECUNDARIO - NOMBRE PERSONAL |
| Nombre personal |
Falcone, Roberto Atilio. |
| 700 1# - ASIENTO SECUNDARIO - NOMBRE PERSONAL |
| Nombre personal |
Favarotto, Ricardo Silvio. |
| 700 1# - ASIENTO SECUNDARIO - NOMBRE PERSONAL |
| Nombre personal |
Ferrara, Juan Alberto. |
| 700 1# - ASIENTO SECUNDARIO - NOMBRE PERSONAL |
| Nombre personal |
Fissore, Gustavo Raul. |
| 700 1# - ASIENTO SECUNDARIO - NOMBRE PERSONAL |
| Nombre personal |
Gomez Urzo, Juan Facundo. |
| 700 1# - ASIENTO SECUNDARIO - NOMBRE PERSONAL |
| Nombre personal |
Julian, Rafael Oscar. |
| 700 1# - ASIENTO SECUNDARIO - NOMBRE PERSONAL |
| Nombre personal |
Juliano, Mario Alberto. |
| 700 1# - ASIENTO SECUNDARIO - NOMBRE PERSONAL |
| Nombre personal |
Lodola, Juan Pablo. |
| 700 1# - ASIENTO SECUNDARIO - NOMBRE PERSONAL |
| Nombre personal |
Marceillac, Gustavo Adolfo. |
| 700 1# - ASIENTO SECUNDARIO - NOMBRE PERSONAL |
| Nombre personal |
Muchnik, Javier Dario. |
| 700 1# - ASIENTO SECUNDARIO - NOMBRE PERSONAL |
| Nombre personal |
Poggetto, Pablo Martin. |
| 700 1# - ASIENTO SECUNDARIO - NOMBRE PERSONAL |
| Nombre personal |
Portela, Mario Alberto. |
| 700 1# - ASIENTO SECUNDARIO - NOMBRE PERSONAL |
| Nombre personal |
Riquert, Fabian Luis. |
| 700 1# - ASIENTO SECUNDARIO - NOMBRE PERSONAL |
| Nombre personal |
Riquert, Marcelo Alfredo. |
| 700 1# - ASIENTO SECUNDARIO - NOMBRE PERSONAL |
| Nombre personal |
Saumell, Maria Fernanda. |
| 700 1# - ASIENTO SECUNDARIO - NOMBRE PERSONAL |
| Nombre personal |
Simaz, Alexis Leonal. |
| 700 1# - ASIENTO SECUNDARIO - NOMBRE PERSONAL |
| Nombre personal |
Sivo, Cesar Raul. |
| 700 1# - ASIENTO SECUNDARIO - NOMBRE PERSONAL |
| Nombre personal |
Tapia, Juan Francisco. |
| 700 1# - ASIENTO SECUNDARIO - NOMBRE PERSONAL |
| Nombre personal |
Tazza, Alejandro Osvaldo. |
| 700 1# - ASIENTO SECUNDARIO - NOMBRE PERSONAL |
| Nombre personal |
Tirrelli, Natalia Carolina. |
| 700 1# - ASIENTO SECUNDARIO - NOMBRE PERSONAL |
| Nombre personal |
Viñas, Esteban Ignacio. |
| 700 1# - ASIENTO SECUNDARIO - NOMBRE PERSONAL |
| Nombre personal |
Zabala, Maria Esther. |
| 700 1# - ASIENTO SECUNDARIO - NOMBRE PERSONAL |
| Nombre personal |
Zarini, Andrea Veronica. |
| 945 ## - INFORMACION DE PROCESAMIENTO LOCAL |
| Fecha de ingreso o modificación |
2014-10-08 |
| 945 ## - INFORMACION DE PROCESAMIENTO LOCAL |
| Responsable de carga/modificación |
Celeste Delía |
| Fecha de ingreso o modificación |
2014-10-08 |